000 00410nam a22001697a 4500
003 LK-CoDNM
005 20250623104107.0
008 250623b |||||||| |||| 00| 0 eng d
040 _aLK-CoDNM
_dLK-CoDNM
_eLK-CoDNM
041 _apli
080 _a13
_bD8
245 _aපංවියමන/panwiyamana
300 _afolls05,68cm
650 _aපුස්කොල
650 _apalm leaf
942 _cPL
999 _c239821
_d239821